| 000 | 00709cam a22001935a 4500 | ||
|---|---|---|---|
| 001 | L156947 | ||
| 008 | 120731s1805 xxk f 000 0 eng d | ||
| 035 | _a(Sirsi) u156947 | ||
| 041 | 0 | _aeng | |
| 100 | 1 | _aTaylor, George | |
| 245 | 0 | 0 |
_aTaylor & Skinner's survey of the roads of Scotland, on an improved plan _bto which is prefixed an accurate map of Scotland, with the new roads &c. &c. since the survey was taken |
| 260 |
_aEdinburgh _bPublished by Thos. Brown _c[1805] |
||
| 300 |
_a177 plates, 8 p. _bill. _c19 cm. |
||
| 583 |
_aCondition reviewed _c20120620 _londition level 2 |
||
| 651 | 4 |
_aScotland _y1707-1998 |
|
| 690 |
_aInfrastructure _96246 |
||
| 700 | 1 |
_aSkinner, Andrew _dfl. 1778 |
|
| 942 | _n0 | ||
| 999 |
_c114508 _d114508 |
||